000 00529cam a22001577a 4500
008 180718b2002 xxu||||| |||| 00| 0 eng d
082 _aA81x54 01/12/PAP3/01
100 _aCensus of India 2001
245 _aSikkim: provisional population totals
260 _aDelhi
_bController of Publications
_c2002
300 _a80+p.
440 _aCensus of India 2001. Series-12, Sikkim. Paper-3 of 2001
500 _aContents: Distribution of workers and non-workers
650 _aEmployees - India - Sikkim
650 _aSikkim - Census
999 _c487970
_d487970